Music Quiz

Random Music or Artist Quiz
Score 0/20 Timer 05:00
2 Plays Today
% Correct
Spice Girls - Wannabe
88.9%
Spears, Britney - Toxic
88.7%
Simon & Garfunkel - Mrs. Robinson
88.6%
Springsteen, Bruce - Born in the U.S.A.
87.6%
Sinatra, Frank - My Way
87.2%
Swift, Taylor - Blank Space
84.5%
Sex Pistols - God Save the Queen
82.9%
Sledge, Percy - When a Man Loves a Woman
81.6%
Shakira - Whenever, Wherever
78.9%
Snoop Dogg - Gin & Juice
76.6%
% Correct
Sting - Englishman in New York
72.4%
Shaggy - Boombastic
69.3%
Starship - We Built This City
67.3%
Stewart, Rod - Forever Young
64.6%
System Of A Down - Chop Suey!
64.4%
Scorpions - Wind of Change
62.3%
Smashing Pumpkins - 1979
61.9%
Simone, Nina - Sinnerman
58.7%
Santana - Smooth
58.5%
Sublime - What I Got
55.7%
Come Together.
Have Fun.
All Virtual.
We all need to come together. Play Sporcle's virtual live trivia to have fun, connect with people, and get your trivia on. Join a live hosted trivia game for your favorite pub trivia experience done virtually. If a virtual private party is more your thing, go here for details.

You're not logged in!

Compare scores with friends on all Sporcle quizzes.
OR
Log In

Sporcle TV

Today on Sporcle TV


Watch our educational content, quiz creation guides, and fun videos on Sporcle TV.

Show Comments

Extras

Top Quizzes Today


Score Distribution

Paid Content

Your Account Isn't Verified!

In order to create a playlist on Sporcle, you need to verify the email address you used during registration. Go to your Sporcle Settings to finish the process.

Report this User

Report this user for behavior that violates our Community Guidelines.

Details: